000 00627nam a2200241Ia 4500
003 OSt
005 20220918191512.0
006 a|||||r|||| 00| 0
007 ta
008 220917b |||||||| |||| 00| 0 eng d
024 _a63,821
037 _cTextual
040 _aARTS
_cARTS
_beng
041 _2eng
_aeng
082 _aQ7v54:19, K5
100 _aWatt W Montgomery
_920589
245 0 _aHistory of Islamic Spain
260 _c1965
490 _aIslamic surveys ed by W Montgomery Watt; 4
650 _aISLAM
_9577
942 _hQ7v54:19, K5
_cTEXL
_2CC
999 _c190313
_d190313